[Event "Asia zt 3.2"]
[Site "Colombo"]
[Date "2013.02.05"]
[Round "5"]
[White "Rajapakse, RMTC"]
[Black "Wimalasuriya, Kasun M"]
[Result "1-0"]
[WhiteElo "2110"]
[BlackElo "1863"]
[PlyCount "46"]
[EventDate "2013.02.03"]
[EventType "swiss"]
[EventRounds "9"]
[EventCountry "SRI"]
[SourceTitle "CBM 153 Extra"]
[Source "ChessBase"]
[SourceDate "2013.04.22"]
[SourceVersion "1"]
[SourceVersionDate "2013.04.22"]
[SourceQuality "1"]

1. d4 Nf6 2. c4 e6 3. Nf3 Bb4+ 4. Bd2 Qe7 5. g3 b6 6. Bg2 Bb7 7. 0-0 0-0 8. Nc3 d6 9. Qc2 Nbd7 10. Rfe1 a5 11. e4 e5 12. a3 Bxc3 13. Bxc3 c5 14. d5 Nh5 15. Qe2 g6 16. Nd2 Qg5 17. Qe3 Qxe3 18. Rxe3 h6 19. Bf3 Ng7 20. Bd1 f6 21. Bg4 Rfd8 22. Rf1 Nf8 23. f4 Nh7 1-0

[Event "Olympiad-38"]
[Site "Dresden"]
[Date "2008.11.16"]
[Round "4"]
[White "Asabri, Hussien"]
[Black "Rajapakse, RMTC"]
[Result "1-0"]
[WhiteElo "2191"]
[BlackElo "1646"]
[PlyCount "63"]
[EventDate "2008.11.13"]
[EventType "team-swiss"]
[EventRounds "11"]
[EventCountry "GER"]
[SourceTitle "CBM 128"]
[Source "ChessBase"]
[SourceDate "2009.01.28"]
[SourceVersion "1"]
[SourceVersionDate "2009.01.28"]
[SourceQuality "1"]
[WhiteTeam "Libya"]
[BlackTeam "Sri Lanka"]
[WhiteTeamCountry "LBY"]
[BlackTeamCountry "SRI"]

1. d4 Nf6 2. Nf3 g6 3. g3 Bg7 4. Bg2 0-0 5. c4 d6 6. Nc3 Nc6 7. 0-0 a6 8. h3 Bd7 9. e4 e5 10. d5 Ne7 11. Be3 Nh5 12. c5 Qe8 13. Qb3 f5 14. c6 f4 15. cxd7 Qxd7 16. gxf4 exf4 17. Bd2 g5 18. Ne2 Rf6 19. Bc3 Rg6 20. Nh2 Rf8 21. Bxg7 Nxg7 22. Nd4 h5 23. f3 Kh7 24. Qxb7 Ng8 25. Rac1 Rf7 26. Qxa6 Nh6 27. Qe2 g4 28. fxg4 hxg4 29. hxg4 Nxg4 30. Nxg4 Rxg4 31. Ne6 Rxg2+ 32. Qxg2 1-0

[Event "Wch U18"]
[Site "Vung Tau"]
[Date "2008.10.28"]
[Round "9"]
[White "Saravana, Krishnan P"]
[Black "Rajapakse, RMTC"]
[Result "1-0"]
[WhiteElo "2262"]
[BlackElo "1646"]
[PlyCount "63"]
[EventDate "2008.10.20"]
[EventType "swiss"]
[EventRounds "11"]
[EventCountry "VIE"]
[SourceTitle "EXT 2009"]
[Source "ChessBase"]
[SourceDate "2008.11.26"]
[SourceVersion "1"]
[SourceVersionDate "2008.11.26"]
[SourceQuality "1"]

1. e4 c5 2. b3 d6 3. Bb5+ Bd7 4. Bxd7+ Qxd7 5. Bb2 Nc6 6. f4 e5 7. fxe5 dxe5 8. Nf3 Bd6 9. 0-0 Nf6 10. d3 0-0 11. a4 a6 12. Na3 Bc7 13. Nc4 b5 14. Ne3 Nd4 15. Nh4 Qe6 16. h3 Bb6 17. Kh2 Rfd8 18. Qe1 c4 19. bxc4 bxc4 20. dxc4 Nxe4 21. Nd5 Rxd5 22. cxd5 Qxd5 23. Rd1 Qc6 24. Bxd4 exd4 25. Nf5 Re8 26. Qh4 Qxc2 27. Rc1 Qd3 28. Qg4 g5 29. Nh6+ Kh8 30. Nxf7+ Kg7 31. Nxg5 Nxg5 32. Qd7+ 1-0

[Event "Wch U18"]
[Site "Vung Tau"]
[Date "2008.10.24"]
[Round "6"]
[White "Sarenac, David"]
[Black "Rajapakse, RMTC"]
[Result "0-1"]
[WhiteElo "2241"]
[BlackElo "1646"]
[PlyCount "108"]
[EventDate "2008.10.20"]
[EventType "swiss"]
[EventRounds "11"]
[EventCountry "VIE"]
[SourceTitle "EXT 2009"]
[Source "ChessBase"]
[SourceDate "2008.11.26"]
[SourceVersion "1"]
[SourceVersionDate "2008.11.26"]
[SourceQuality "1"]

1. e4 c5 2. Nf3 d6 3. d4 cxd4 4. Nxd4 Nf6 5. f3 e5 6. Bb5+ Bd7 7. Bxd7+ Qxd7 8. Nf5 d5 9. Bg5 dxe4 10. Bxf6 Qxd1+ 11. Kxd1 gxf6 12. fxe4 Rg8 13. g3 Nd7 14. Nd2 Nc5 15. Ke2 0-0-0 16. a4 Kb8 17. a5 Ne6 18. c3 Nf4+ 19. Kd1 Nd3 20. Kc2 Nxb2 21. Rhf1 Nd3 22. Rf3 Nc5 23. Re1 Rd7 24. Re2 h5 25. Nc4 Rg4 26. Nd2 Rg8 27. Nc4 Rg4 28. Nd2 Rg8 29. Re1 Ne6 30. Ne3 Be7 31. h4 Rc8 32. Ndc4 Rdc7 33. Rf5 Ng7 34. Rf2 Rxc4 35. Nxc4 Rxc4 36. Rd2 Kc8 37. Kb3 Rc7 38. Rg2 Rc5 39. g4 Rxa5 40. gxh5 Nxh5 41. Rg8+ Kc7 42. Rd1 Ra3+ 43. Kb2 Ra4 44. Rh8 Ng3 45. Rh7 Rxe4 46. Rxf7 Nf5 47. h5 Rh4 48. Rh7 Kc6 49. Rf1 Ne3 50. Rg1 Rh2+ 51. Kb3 Kd6 52. Rh8 Nf5 53. Rg6 Ke6 54. h6 Kf7 0-1